Statistics for Les verbes au passé composé avec l'auxiliaire être

Click here to take the quiz!

General Stats

  • This quiz has been taken 7 times
  • The average score is 11 of 16

Answer Stats

Réponses% Correct
Ttomber
100%
Ddevenir
83%
Rrevenir
83%
Vvenir
83%
Nnaître
83%
Ddescendre
83%
Aaller
83%
Mmourir
83%
Ppartir
83%
Ssortir
67%
Rrester
67%
Rrentrer
50%
Aarriver
50%
Eentrer
50%
Mmontrer
33%
Rretourner
33%

Score Distribution

Percentile by Number Answered

Percent of People with Each Score

Your Score History

You have not taken this quiz